| Record ID | ia:ultimatecollecti0000fred |
| Source | Internet Archive |
| Download MARC XML | https://archive.org/download/ultimatecollecti0000fred/ultimatecollecti0000fred_marc.xml |
| Download MARC binary | https://www.archive.org/download/ultimatecollecti0000fred/ultimatecollecti0000fred_meta.mrc |
LEADER: 02827cam 2200697 a 4500
001 ocn777642405
003 OCoLC
005 20180504093856.0
008 120301s2013 mnua j b 001 0 eng
010 $a 2012006163
040 $aDLC$beng$cDLC$dQBX$dBTCTA$dBDX$dOCLCO$dUPZ$dJRN$dOCLCF$dOCLCO$dOCLCQ$dYDXCP$dBYV$dCHILD$dKL6$dKJ6$dVBO
020 $a9781429685795$q(library binding)
020 $a1429685794$q(library binding)
020 $a9781429694346$q(pbk.)
020 $a1429694343$q(pbk.)
024 3 $a9781429685795$d90000
035 $a(OCoLC)777642405
037 $a1345263$bQBI
042 $apcc
050 00 $aGV847.5$b.F74 2013
082 00 $a796.962/64$223
100 1 $aFrederick, Shane.
245 14 $aThe ultimate collection of pro hockey records /$cby Shane Frederick ; [Anthony Wacholtz, editor].
260 $aNorth Mankato, Minn. :$bCapstone Press,$c℗♭2013.
300 $a64 pages :$bcolor illustrations ;$c27 cm.
336 $atext$btxt$2rdacontent
337 $aunmediated$bn$2rdamedia
338 $avolume$bnc$2rdacarrier
490 1 $aFor the record
504 $aIncludes bibliographical references (page 62) and index.
505 0 $aRecords on the ice -- Skater records -- Goaltending records -- Team records -- Stanley Cup playoffs -- Around the ice.
520 $aProvides readers with a list of hockey records.
526 0 $aAccelerated Reader AR$c6.0$d1.0$z152483.$5MCPL
650 0 $aHockey$xRecords$vJuvenile literature.
650 0 $aHockey$xHistory$vJuvenile literature.
650 1 $aHockey$xRecords.
650 1 $aHockey$xHistory.
650 7 $aHockey.$2fast$0(OCoLC)fst00958540
650 7 $aHockey$xRecords.$2fast$0(OCoLC)fst00958559
650 7 $aSports records.$2sears
650 7 $aHockey.$2sears
650 7 $aHockey$xHistory.$2sears
655 7 $aHistory.$2fast$0(OCoLC)fst01411628
655 7 $aJuvenile works.$2fast$0(OCoLC)fst01411637
655 7 $a1020L.$2lexile
700 1 $aWacholtz, Anthony.
830 0 $aFor the record (Capstone Press)
856 42 $uhttp://www.facthound.com/CategorySearch.aspx?ISBN=1429685794$yFactHound Web Sites$zFactHound offers Internet sites related to this book
856 4 $uhttp://www.capstonepub.com
856 4 $3Image$uhttp://www.perma-bound.com/ws/image/cover/000063885/m
938 $aChildren's Plus, Inc.$bCHIL$n1985026
938 $aChildren's Plus, Inc.$bCHIL$n1678107
938 $aChildren's Plus, Inc.$bCHIL$n1678193
938 $aBrodart$bBROD$n102020019$c$8.95
938 $aBaker and Taylor$bBTCP$nBK0010801246
938 $aQuality Books, Inc.$bQUAL$na 12006163
938 $aYBP Library Services$bYANK$n8777087
938 $aYBP Library Services$bYANK$n8776885
029 1 $aAU@$b000048817408
994 $aZ0$bPMR
948 $hNO HOLDINGS IN PMR - 214 OTHER HOLDINGS